000 00766nam a2200229 a 4500
001 000003343
003 OSt
005 20220825121831.0
007 ta
008 090708s2006 dr 000 0 spa d
020 _z9993479977
040 _aDO-SdBNP
_bspa
_cBNPHU
082 4 _222
100 1 _aDuate, Rosa,
_d1820-1888
_910476
245 1 0 _aDiario de Rosa Duarte /
_cRosa Duarte.
250 _a2a ed.
260 _aSanto Domingo, :
_bComisión Permanente de Efemérides Patrias
_c2006.
300 _a58 p. ;
_c22 cm.
440 _aComisión Permanente de Efemérides Patrias
_vv.8
_910477
534 _pTítulo original
_tApuntes para la historia de la isla de Santo Domingo y para la biografía del general dominicano Juan Pablo Duarte y Diez
942 _2ddc
_cLBS1
999 _c3174
_d3174